Cách sử dụng động từ trong tiếng Pháp Emploi des verbes dans la langue francaise
Saved in:
| Main Author: | |
|---|---|
| Format: | Book |
| Language: | Undetermined |
| Published: |
Đồng Nai
Nxb. Đồng Nai
1998
|
| Subjects: | |
| Tags: |
Add Tag
No Tags, Be the first to tag this record!
|
| Institutions: | Trung tâm Học liệu Trường Đại học Cần Thơ |
|---|
| LEADER | 00559nam a2200181Ia 4500 | ||
|---|---|---|---|
| 001 | CTU_24923 | ||
| 008 | 210402s9999 xx 000 0 und d | ||
| 082 | |a 445.02 | ||
| 082 | |b C125 | ||
| 100 | |a Võ Như Cầu | ||
| 245 | 0 | |a Cách sử dụng động từ trong tiếng Pháp | |
| 245 | 0 | |b Emploi des verbes dans la langue francaise | |
| 245 | 0 | |c Võ Như Cầu | |
| 260 | |a Đồng Nai | ||
| 260 | |b Nxb. Đồng Nai | ||
| 260 | |c 1998 | ||
| 650 | |a french language - verb | ||
| 980 | |a Trung tâm Học liệu Trường Đại học Cần Thơ | ||